000 00666nam a2200181Ia 4500
008 100921s9999 xx 000 0 und d
082 _b23080
_a928 थ 80
100 _aपोतदार अनुराधा.
245 _aदत्तकवी.
260 _bसाहित्य अकादमी,नवी दिल्ली.
_c1980
300 _a70
_bसाहित्य अकादमी,दिल्ली
365 _b10
520 _aचरित्रे-साहित्यिक.
630 _aदत्तकवी.
650 _aचरित्रे-साहित्यिक.
730 _aदत्तकवी.
942 _cBOOK
999 _c772193
_d772190